|
|
|
|
| LEADER |
02558nam a2200637 a 4500 |
| 001 |
nkc20071717363 |
| 003 |
CZ PrNK |
| 005 |
20150317130853.0 |
| 007 |
ta |
| 008 |
070424s2007 xr e b 001 0 cze |
| 015 |
|
|
|a cnb001717363
|
| 020 |
|
|
|a 978-80-7051-169-5
|q (brož.)
|
| 035 |
|
|
|a (OCoLC)137331162
|
| 040 |
|
|
|a ABA001
|b cze
|d BOA001
|
| 043 |
|
|
|a e-xr---
|
| 045 |
|
|
|a w4w4
|
| 072 |
|
7 |
|a 070
|x Noviny. Tisk. Žurnalistika
|2 Konspekt
|9 12
|
| 072 |
|
7 |
|a 01
|x Bibliografie. Katalogy
|2 Konspekt
|9 12
|
| 080 |
|
|
|a 070.48
|2 MRF
|
| 080 |
|
|
|a 070.432
|2 MRF
|
| 080 |
|
|
|a 002.2:004
|2 MRF
|
| 080 |
|
|
|a (437.322)
|2 MRF
|
| 080 |
|
|
|a 015
|2 MRF
|
| 080 |
|
|
|a (083.8)
|2 MRF
|
| 080 |
|
|
|a (083.81)
|2 MRF
|
| 100 |
1 |
|
|a Kubíček, Jaromír,
|d 1938-
|7 jn20000401527
|4 aut
|
| 245 |
1 |
0 |
|a Moravsko-slezský časopis pro lid 1842-1846 /
|c zpracoval Jaromír Kubíček
|
| 250 |
|
|
|a 1. vyd.
|
| 260 |
|
|
|a Brno :
|b Moravská zemská knihovna,
|c 2007
|
| 300 |
|
|
|a 41 s. ;
|c 25 cm
|
| 490 |
1 |
|
|a Rejstříky moravského tisku ;
|v sv. 1
|
| 500 |
|
|
|a Soupis obsahu a autorský rejstřík k Moravsko-slezskému časopisu pro lid 1842-1846
|
| 610 |
2 |
7 |
|a Moravská zemská knihovna (Brno, Česko)
|7 kn20010709059
|2 czenas
|
| 630 |
0 |
7 |
|a Moravsko-slezský časopis pro lid
|7 unn2007395651
|2 czenas
|
| 648 |
|
4 |
|a 1842-1846
|
| 650 |
0 |
7 |
|a časopisy
|7 ph116844
|z Česko
|y 19. stol.
|2 czenas
|
| 650 |
0 |
7 |
|a časopisecké články
|7 ph128084
|z Česko
|y 19. stol.
|2 czenas
|
| 650 |
0 |
7 |
|a digitalizace dokumentů
|7 ph135871
|z Česko
|2 czenas
|
| 650 |
0 |
9 |
|a journals
|z Czechia
|y 19th century
|2 eczenas
|
| 650 |
0 |
9 |
|a journal articles
|z Czechia
|y 19th century
|2 eczenas
|
| 650 |
0 |
9 |
|a digitization of documents
|z Czechia
|2 eczenas
|
| 655 |
|
7 |
|a rejstříky
|7 fd133245
|2 czenas
|
| 655 |
|
7 |
|a katalogy
|7 fd132535
|2 czenas
|
| 655 |
|
7 |
|a regionální bibliografie
|7 fd133239
|2 czenas
|
| 655 |
|
9 |
|a indexes
|2 eczenas
|
| 655 |
|
9 |
|a catalogs
|2 eczenas
|
| 655 |
|
9 |
|a regional bibliography
|2 eczenas
|
| 830 |
|
0 |
|a Rejstříky moravského tisku
|0 s
|
| 856 |
4 |
1 |
|u http://www.digitalniknihovna.cz/mzk/uuid/uuid:1f77cb0c-9e0e-11e0-a742-0050569d679d
|y Digitalizovaný dokument
|
| 910 |
|
|
|a BOA001
|b 2-1210.803
|
| 990 |
|
|
|a BK
|
| 995 |
|
|
|a 01
|
| 991 |
|
|
|b 200809
|c NOV
|
| 996 |
6 |
|
|b 2610353690
|c 2-1210.803
|l MZK
|r Sklad / do 1 hodiny
|n 0
|p p.v. ;
|w 000910337
|u 000010
|a 1
|e BOA001
|j MZK50
|s P
|
| 996 |
7 |
|
|b 2610353691
|c 2-1210.803
|l MZK
|r Sklad / do 1 hodiny
|n 1
|p p.v.
|w 000910337
|u 000020
|a 1
|e BOA001
|j MZK50
|s A
|
| 996 |
7 |
|
|b 2610353692
|c 2-1210.803
|l MZK
|r Sklad / do 1 hodiny
|n 2
|p p.v.
|w 000910337
|u 000030
|a 1
|e BOA001
|j MZK50
|s A
|